000 00301nam a22001337a 4500
008 190304b xxu||||| |||| 00| 0 eng d
020 _a9780039230029
041 _aeng
080 _a330.722.6
100 _a61
101 _aKF
245 _aIntermediate Accounting
_cWilliams,J.R
942 _2udc
_cBK
999 _c54404
_d54404